000 00352nam a2200145Ia 4500
005 20251222144724.0
008 251222s9999||||xx |||||||||||||| ||spa||
020 _a9701018990
082 _a001.4 H45
100 _aHernandez Sampieri, Roberto
245 0 _aMetodología de la investigación
250 _a2a.
264 _bMcGraw-Hill
942 _cLIB
999 _c18312
_d18312